000 01421cac a22002537a 4500
003 Co-PeBPM
005 20260331095520.0
008 240509s2006 ck o|||| |||| 00| 0 spa d
020 _a9587094913
040 _aCo-PeBPM
_bspa
_cCo-PeBPM
_erda
041 _aspa
082 0 4 _a001.94 B559e
_b22
100 1 _aBessiére, Richard
_eautor
245 1 0 _aEl enigma de los tesoros malditos
_btras las huellas de los tesoros perdidos
_c/ Richard Bessiére; traducción Caterina Berthelot
264 _aBarcelona
_b: Ediciones Robin Book; Hermética
_c, 2006
300 _a222 paginas
_b; fotografías a blanco y negro
_c; 23 centímetros
500 _aIncluye índice
520 3 _aA lo largo de El enigma de los tesoros malditos, Richard Bessisre nos explica qué debemos entender por tesoro perdido, cómo podemos buscar un tesoro con una cierta efectividad y a qué técnicas hay que recurrir para ello. Nos habla de los grandes tesoros de la humanidad que todavía están por descubrir, así como de otros tesoros de carácter misterioso y legendario. Hay tesoros malditos pero también tesoros prohibidos; y en los dos casos hay algo de mágico; algo que obedece a reglas y leyes que no pertenecen a nuestro mundo real y racional.
546 _aspa
650 1 7 _aFantasía
_2LEMB
700 1 _aBerthelot, Caterina
_etraducción
942 _2ddc
_cBK
999 _c26837
_d26837